| 000 | 01098cam a2200253 4500 | ||
|---|---|---|---|
| 001 | ABS64951 | ||
| 008 | 011211n2001 000 0 eng u | ||
| 035 | _a(Sirsi) u115951 | ||
| 100 | _aHarpum, C | ||
| 245 | _aE-conveyancing fits the bill | ||
| 260 | _c2001 | ||
| 490 |
_aEstates Gazette _v(0146) 17 November 2001, 175(1) |
||
| 520 | _aArgues that the electronic conveyancing provisions in the Land Registration Bill will ensure greater security, and are far from 'deeply flawed' as suggested by Malcolm Dowden in a previous EG article (ABS64730). Acknowledges the issue of presumption of authority and suggests that the provisions on rectification and indemnity in the Land Registration Act 1925 and the bill provide a straightfoward solution to the problem of rogue solicitors. | ||
| 590 | _aABS | ||
| 650 | _aSECURITY | ||
| 650 | _aLAND REGISTRATION BILL | ||
| 650 | _aHUMAN RIGHTS ACT 1998 | ||
| 650 | _aLAND REGISTRATION ACT 1925 | ||
| 650 | _aRECTIFICATION | ||
| 650 | _aINDEMNITY | ||
| 650 | _aSOLICITORS | ||
| 690 | _aPROPERTY AND LAND LAW-CONVEYANCING | ||
| 942 | _n0 | ||
| 999 |
_c69074 _d69074 |
||